[Event "Galati Grand Prix op"]
[Site "Galati"]
[Date "2007.05.09"]
[Round "2"]
[White "Sanduleac, Vasile"]
[Black "Stanciu, Anton"]
[Result "1-0"]
[WhiteElo "2449"]
[BlackElo "2107"]
[PlyCount "51"]
[EventDate "2007.05.08"]
[EventType "swiss"]
[EventRounds "9"]
[EventCountry "ROU"]
[SourceTitle "CBM 118 Extra"]
[Source "ChessBase"]
[SourceDate "2007.07.04"]
[SourceVersion "1"]
[SourceVersionDate "2007.07.04"]
[SourceQuality "1"]

1. e4 c5 2. Nf3 d6 3. Bb5+ Bd7 4. Bxd7+ Qxd7 5. 0-0 Nc6 6. c3 Nf6 7. Qe2 e5 8. Rd1 Be7 9. d4 cxd4 10. cxd4 exd4 11. Nxd4 Nxd4 12. Rxd4 0-0 13. Nc3 Qe6 14. Bf4 a6 15. Rad1 Rfd8 16. h3 g6 17. Qd3 Ne8 18. Nd5 Bf6 19. Nxf6+ Qxf6 20. e5 Qe6 21. exd6 Rd7 22. b3 Rad8 23. Bg3 h6 24. Re4 Qf6 25. Qe3 g5 26. Rxe8+ 1-0

[Event "Bucharest Spring Cup"]
[Site "Bucharest"]
[Date "2007.02.16"]
[Round "7"]
[White "Stanciu, Anton"]
[Black "Cirlan, Ionut Gheorghe"]
[Result "0-1"]
[WhiteElo "2107"]
[BlackElo "2165"]
[PlyCount "52"]
[EventDate "2007.02.16"]
[EventType "swiss"]
[EventRounds "9"]
[EventCountry "ROU"]
[SourceTitle "EXT 2010"]
[Source "ChessBase"]
[SourceDate "2010.11.25"]
[SourceVersion "1"]
[SourceVersionDate "2010.11.25"]
[SourceQuality "1"]

1. e4 c5 2. Nf3 g6 3. h4 Bg7 4. h5 Nc6 5. hxg6 hxg6 6. Rxh8 Bxh8 7. Bc4 e6 8. Nc3 a6 9. a4 Nd4 10. d3 d6 11. Be3 Qb6 12. Bxd4 cxd4 13. a5 Qxb2 14. Na4 Qb4+ 15. Ke2 Qxa5 16. Qh1 Bg7 17. e5 d5 18. Bb3 Qc7 19. Re1 b5 20. Nb2 a5 21. Kf1 a4 22. Qh7 Kf8 23. Bxd5 exd5 24. e6 Bxe6 25. Ng5 Re8 26. Rxe6 Rxe6 0-1

[Event "Predeal op"]
[Site "Predeal"]
[Date "2006.08.12"]
[Round "1"]
[White "Stanciu, Anton"]
[Black "Sandu, Mihaela"]
[Result "0-1"]
[WhiteElo "2107"]
[BlackElo "2213"]
[PlyCount "84"]
[EventDate "2006.08.12"]
[EventType "swiss"]
[EventRounds "9"]
[EventCountry "ROU"]
[SourceTitle "CBM 113 Extra"]
[Source "ChessBase"]
[SourceDate "2006.09.14"]
[SourceVersion "1"]
[SourceVersionDate "2006.09.14"]
[SourceQuality "1"]

1. e4 c5 2. Nf3 e6 3. d4 cxd4 4. Nxd4 Nf6 5. c3 Nxe4 6. Bd3 Nf6 7. 0-0 Be7 8. Nd2 Nc6 9. N2f3 0-0 10. Qc2 a6 11. a4 b6 12. Bf4 Bb7 13. Rad1 Nxd4 14. Nxd4 d6 15. Rfe1 Re8 16. Bg5 h6 17. Bh4 Qc7 18. f3 Bd5 19. c4 Bb7 20. Re2 d5 21. b3 Bc5 22. Bxf6 gxf6 23. Kh1 Qf4 24. cxd5 Bxd5 25. Be4 Bxd4 26. Rxd4 f5 27. g3 Bxe4 28. gxf4 Bxc2 29. Rxc2 b5 30. a5 Rec8 31. Rxc8+ Rxc8 32. Rd6 Rc3 33. b4 Rxf3 34. Rxa6 Rxf4 35. Ra8+ Kg7 36. a6 Rxb4 37. Kg2 Ra4 38. Kf3 e5 39. Ke2 f4 40. Kf3 Kf6 41. Kg4 Ra2 42. a7 b4 0-1

[Event "Centrocoop Sept op"]
[Site "Eforie Nord"]
[Date "1999.09.??"]
[Round "?"]
[White "Ciuca, Catalin"]
[Black "Stanciu, Anton"]
[Result "1-0"]
[WhiteElo "2019"]
[BlackElo "2220"]
[PlyCount "57"]
[EventDate "1999.09.??"]
[EventType "swiss"]
[EventRounds "11"]
[EventCountry "ROU"]
[SourceTitle "EXT 2004"]
[Source "ChessBase"]
[SourceDate "2003.11.25"]
[SourceVersion "1"]
[SourceVersionDate "2003.11.25"]
[SourceQuality "1"]

1. d4 Nf6 2. c4 c5 3. Nf3 cxd4 4. Nxd4 a6 5. Nc3 g6 6. g3 Bg7 7. Bg2 0-0 8. 0-0 Qc7 9. Nd5 Nxd5 10. cxd5 d6 11. Be3 Bd7 12. Rc1 Qa5 13. Qb3 b5 14. a3 h6 15. Rc2 Kh7 16. Rfc1 Bf6 17. Ne6 Rg8 18. Nc7 Bf5 19. Nxa8 Nd7 20. Nc7 Rc8 21. Rc6 Rxc7 22. Rxc7 Nc5 23. Qa2 b4 24. Bxc5 dxc5 25. R7xc5 Qa4 26. b3 Qxa3 27. Qxa3 bxa3 28. e4 Bd7 29. R5c2 1-0

[Event "Centrocoop Sept op"]
[Site "Eforie Nord"]
[Date "1999.09.??"]
[Round "?"]
[White "Vasiesiu, Dan"]
[Black "Stanciu, Anton"]
[Result "1-0"]
[WhiteElo "2410"]
[BlackElo "2220"]
[PlyCount "75"]
[EventDate "1999.09.??"]
[EventType "swiss"]
[EventRounds "11"]
[EventCountry "ROU"]
[SourceTitle "EXT 2004"]
[Source "ChessBase"]
[SourceDate "2003.11.25"]
[SourceVersion "1"]
[SourceVersionDate "2003.11.25"]
[SourceQuality "1"]

1. e4 c6 2. d4 d5 3. e5 Bf5 4. Nc3 e6 5. g4 Bg6 6. Nge2 h5 7. Nf4 Qh4 8. g5 Bb4 9. Bd3 Ne7 10. Nxg6 fxg6 11. 0-0 0-0 12. f4 c5 13. Nb5 Na6 14. a3 Ba5 15. b4 cxb4 16. axb4 Bb6 17. c3 Nf5 18. Qf3 Rac8 19. Bd2 Nc7 20. Bxf5 gxf5 21. Nxc7 Rxc7 22. h3 Rc4 23. Be1 Qxe1 24. Raxe1 g6 25. Kg2 Rfc8 26. Re3 Kf7 27. Ra1 a6 28. Ra3 Bd8 29. Re2 Be7 30. Rea2 R8c7 31. Kf2 Rc8 32. Ke2 R8c7 33. Kd2 Rc8 34. Rb3 Ra8 35. Ra5 b6 36. Rxd5 Rac8 37. Rd7 b5 38. Qb7 1-0